000 00543nam a2200193Ia 4500
005 20250508152638.0
008 008 250505s9999 xx 000 0 eng d
037 _aTextual
040 _aFEDL
_beng
_cFEDL
041 _aeng
_2eng
084 _a370.4, GLA
_qFEDL
100 _aGlass Bentley
_9762047
245 0 _aScience and liberal education
260 _aBaton Rouge, USA
_bLouisiana State University Press
_c1959
300 _ax,115p.
650 _aEducation
942 _cTEXL
_h370.4, GLA
999 _c1337783
_d1337783